00428nam a2200145Ia 4500008004100000020001500041041001200056082001600068100001800084245011200102260003500214300000800249650000700257700001800264221030s9999 xx 000 0 und d a8121902908 aEnglish a105.23bThe aB. L. Theraja 2aA Text Book of Electrical Technology Vol. I : Basic Electrical Engineeringcby B. L. Theraja, A. K. Theraja bS. Chand & CoaNew Delhic2001 a735 aEE aA. K. Theraja